UM Logo

Helping individuals determine their investment policy statement: (Record no. 15919)

MARC details
000 -LEADER
fixed length control field 00655nam a2200169 4500
008 - FIXED-LENGTH DATA ELEMENTS--GENERAL INFORMATION
fixed length control field 201217b ||||| |||| 00| 0 eng d
022 ## - INTERNATIONAL STANDARD SERIAL NUMBER
International Standard Serial Number 0732-8435
082 ## - DEWEY DECIMAL CLASSIFICATION NUMBER
Classification number DPer 657.05 C33 Sept - Mar 2015, v. 85 - 86
100 ## - MAIN ENTRY--PERSONAL NAME
Personal name Kess, Sidney
9 (RLIN) 42718
245 ## - TITLE STATEMENT
Title Helping individuals determine their investment policy statement:
Remainder of title drafting an investment policy statement/
Statement of responsibility, etc. Sidney Kess and Edward Mendlowitz.
260 ## - PUBLICATION, DISTRIBUTION, ETC. (IMPRINT)
Place of publication, distribution, etc. New York:
Name of publisher, distributor, etc. The New York State Society of CPA,
Date of publication, distribution, etc. ©2015.
300 ## - PHYSICAL DESCRIPTION
Extent v86 n1, pages 68-69:
Other physical details illustraions;
Dimensions 28 cm.
650 ## - SUBJECT ADDED ENTRY--TOPICAL TERM
Topical term or geographic name as entry element Investments.
9 (RLIN) 42693
650 ## - SUBJECT ADDED ENTRY--TOPICAL TERM
Topical term or geographic name as entry element
9 (RLIN) 42712
700 ## - ADDED ENTRY--PERSONAL NAME
Personal name Mendlowitz, E.
Relator term Author.
9 (RLIN) 42726
942 ## - ADDED ENTRY ELEMENTS (KOHA)
Source of classification or shelving scheme Dewey Decimal Classification
Koha item type Periodicals
Holdings
Withdrawn status Lost status Source of classification or shelving scheme Damaged status Not for loan Collection code Home library Current library Date acquired Total Checkouts Full call number Date last seen Price effective from Koha item type Public note
    Dewey Decimal Classification     Periodicals UM Digos College - LIC UM Digos College - LIC 01/14/2021   DPer 657.05 C33 Sept - Mar 2015, v. 85 - 86 01/14/2021 01/14/2021 Periodicals Periodical article